| 000 | 00803nam a22002657a 4500 | ||
|---|---|---|---|
| 003 | OSt | ||
| 005 | 20221102083247.0 | ||
| 008 | 181217b xxu||||| |||| 00| 0 eng d | ||
| 020 | _a0471597333 | ||
| 040 |
_aOSt _cOSt |
||
| 082 |
_221 _a420/ H745i/ |
||
| 100 |
_92083 _aHoltz, Herman |
||
| 245 |
_aThe Independent consultant's Brochure and Letter Handbook / _cHerman Holtz |
||
| 250 | _a1st | ||
| 260 |
_aNew York: _bJohn Wiley and Sons, _cc1995. |
||
| 300 |
_axi, 256p.: _bill., figure ; _c23 |
||
| 365 |
_aBDT _b350 |
||
| 500 | _aIncludes Index. | ||
| 504 | _a(p. 241-242) | ||
| 505 | _afirst steps to creating your own brochure, Letter and Newsletters, Brochure, Letter Hanbook | ||
| 521 | _aBBA, English, Law | ||
| 546 | _aEnglish | ||
| 650 | 0 |
_9194 _aEnglish Language |
|
| 942 |
_2ddc _cBK |
||
| 999 |
_c5842 _d5842 |
||